Ngoại giao Việt Nam góc nhìn và suy ngẫm sách tham khảo
Nội dung gồm một số bài viết, bài nghiên cứu đã được chọn lọc của tác giả trong thời gian gần đây và một số bài tham luận tại các cuộc hội thảo trong nước và ngoài nước nhân dịp các sự kiện ngoại giao lớn như 55 năm ngày ký Hiệp đị...
محفوظ في:
| المؤلف الرئيسي: | |
|---|---|
| التنسيق: | كتاب |
| اللغة: | Undetermined |
| منشور في: |
Hà Nội
Chính trị Quốc gia - Sự thật
2011
|
| الموضوعات: | |
| الوصول للمادة أونلاين: | http://lrc.tdmu.edu.vn/opac/search/detail.asp?aID=2&ID=17451 |
| الوسوم: |
إضافة وسم
لا توجد وسوم, كن أول من يضع وسما على هذه التسجيلة!
|
| Thư viện lưu trữ: | Trung tâm Học liệu Trường Đại học Thủ Dầu Một |
|---|
| LEADER | 01226nam a2200217Ia 4500 | ||
|---|---|---|---|
| 001 | TDMU_17451 | ||
| 008 | 210410s9999 xx 000 0 und d | ||
| 082 | |a 327.2597 | ||
| 090 | |b NG527 | ||
| 100 | |a Nguyễn, Khắc Huỳnh | ||
| 245 | 0 | |a Ngoại giao Việt Nam góc nhìn và suy ngẫm | |
| 245 | 0 | |b sách tham khảo | |
| 245 | 0 | |c Nguyễn Khắc Huỳnh | |
| 260 | |a Hà Nội | ||
| 260 | |b Chính trị Quốc gia - Sự thật | ||
| 260 | |c 2011 | ||
| 300 | |a 287tr. | ||
| 520 | |a Nội dung gồm một số bài viết, bài nghiên cứu đã được chọn lọc của tác giả trong thời gian gần đây và một số bài tham luận tại các cuộc hội thảo trong nước và ngoài nước nhân dịp các sự kiện ngoại giao lớn như 55 năm ngày ký Hiệp định Giơnevơ... ; LS094 |d Một số vấn đề Lịch sử ngoại giao Việt Nam | ||
| 650 | |a Việt Nam |x Quan hệ nước ngoài; Ngoại giao |z Việt Nam | ||
| 856 | |u http://lrc.tdmu.edu.vn/opac/search/detail.asp?aID=2&ID=17451 | ||
| 980 | |a Trung tâm Học liệu Trường Đại học Thủ Dầu Một | ||